000 00601cam a22002054a 4500
001 12136281
005 20241122095737.0
008 000809s2001 txua b 001 0 eng
020 _a0030316812
020 _a9780030316814
050 0 0 _aHD58.7
_b.D32 2001
082 0 0 _a658
_221
100 1 _aDaft, Richard L.
245 1 0 _aOrganizational behavior /
_cRichard L. Daft, Raymond A. Noe.
260 _aFort Worth :
_bHarcourt College Publishers,
_cc2001.
300 _axxxiv, 718 p. :
_bcol. ill. ;
_c27 cm.
650 0 _aOrganizational behavior.
700 1 _aNoe, Raymond A.
942 _2lcc
_cBK
_n0
999 _c1411
_d1411